003170000a2200121000450000500170000008200210001710000210003824500500005926000510010926000090016030000080016965000180017720250903140623.0 a581.95493 FLO.01 aDassanayake, M D aRevised handbook to the flora of Ceylon Vol.1 aNewDelhi, Oxford & IBH publishing co. pvt. ltd c1980 a508 aFlora- ceylon